Propuesta de un plan de negocios para la elaboración y comercialización de cuadernos ecológicos a partir de papel reciclado en Tipitapa
Presenta la Propuesta de un plan de negocios para la elaboración y comercialización de cuadernos ecológicos a partir de papel reciclado en Tipitapa, se determinó el mercado potencial para la comercialización óptima, se establecieron los elementos técnicos y de producción para el adecuado fun...
| Main Authors: | , |
|---|---|
| Other Authors: | |
| Format: | Tesis Section = Libro |
| Language: | Undetermined Spanish |
| Published: |
Managua
UNI
2015
|
| Subjects: |
| LEADER | 01248nam a2200265Ia 4500 | ||
|---|---|---|---|
| 008 | 240830s9999 xx 000 0 und d | ||
| 040 | |a BIBLIOTECA-RUPAP Mon 650.1 E77 | ||
| 041 | |a spa | ||
| 082 | |a Mon 650.1 E77 | ||
| 100 | 1 | |a Espinoza López, Gema Yahoska | |
| 100 | 1 | |b Wayland Omier, Benazir Caroll | |
| 245 | 1 | 0 | |a Propuesta de un plan de negocios para la elaboración y comercialización de cuadernos ecológicos a partir de papel reciclado en Tipitapa |
| 260 | |a Managua |b UNI |c 2015 | ||
| 300 | |a 113 p. :il. | ||
| 500 | |a Contiene: anexos e Incluye: CD. | ||
| 502 | |a Tesis (Ingeniero de Sistemas)- UNI, 2015. | ||
| 520 | 3 | |a Presenta la Propuesta de un plan de negocios para la elaboración y comercialización de cuadernos ecológicos a partir de papel reciclado en Tipitapa, se determinó el mercado potencial para la comercialización óptima, se establecieron los elementos técnicos y de producción para el adecuado funcionamiento del negocio. | |
| 650 | 7 | |a NEGOCIO – COMERCIO | |
| 650 | 7 | |b MERCADEO DE PRODUCTOS | |
| 650 | 7 | |c CUADERNOS ECOLOGICOS – COMERCIALIZACION | |
| 650 | 7 | |d ESTRATEGIA DE PUBLICIDAD | |
| 700 | 1 | |a Tutor: |b Sánchez Munguía, Marvin René | |
| 942 | |c BK |2 ddc | ||
| 991 | |a TESIS | ||
| 999 | |c 16820 | ||